000 00654nmm a2200193Ia 4500
008 251105s9999||||xx |||||||||||||||||und||
020 _a9788499800837
041 _aspa
100 _aMartín, Elena
245 0 _aOrientación educativa : Atención a la diversidad y educación inclusiva
264 _a[Madrid, España] :
_bMinisterio de Educación, Cultura y Deporte de España,
_c2011
300 _a190 páginas
490 _aFormación del profesorado. Educación secundaria
650 _aEducation
700 _aMartín, Elena
700 1 _a Mauri, Teresa (coords.)
856 _uhttps://public.digitaliapublishing.com/a/30196
942 _cCF
999 _c68441
_d68441